Datum a čas kvízu
39
Celkem bodů
Celkový počet nahraných bodů na tomto kvízu bez doplňovacích otázek.
3.
Pořadí na kvízu
Konečné umístění týmu na tomto kvízu.
Zaznamenané odpovědi
| # | Otázka | Odpověď | Body | Výsledky |
|---|---|---|---|---|
| 1. | Sněmovna schválila minulý týde... | tři přihlášky | 1 | |
| 2. | Poměrně neobvyklé záběry se do... | ve Španělsku | 0 | |
| 3. | Ve čtvrtek měl v Hudebním diva... | Anděl Páně | 1 | |
| 4. | Kopřivnická Tatra představila... | vodík | 1 | |
| 5. | Který hokejista, bývalý reprez... | Tomáš Plekanec | 1 | |
| 6. | Naše téma nezačneme v kurníku,... | Fabergého vejce | 1 | |
| 7. | Barvíte velikonoční vajíčka? T... | 1C 2A 3D 4B | 1 | |
| 8. | Která z vajec na obrázku snesl... | B | 0 | |
| 9. | Napište název americké romanti... | 50x a stále poprvé | 1 | |
| 10. | Vyberte nepravdivé tvrzení. | D | 0 |